Pays d'Amérique - Mort subite - Statistiques

Statistiques générales
  • Ce quiz a été pris 17 597 fois
    17 595 depuis la dernière actualisation
  • Le résultat moyen est 13 sur 24
Answers on the Grid
Answers color-coded by a green-red scale on the quiz's grid according to % correct below.
Etats-Unis
Belize
Costa Rica
Salvador
Colombie
Pérou
Uruguay
Guyana
Suriname
Equateur
Cuba
Antigua-et-Barbuda
Jamaïque
Dominique
République Dominicaine
Trinité-et-Tobago
Barbade
Grenade
Saint-Vincent et les Grenadines
Sainte-Lucie
Venezuela
Chili
Panama
Hawaï
Bahamas
Groenland
Alaska
Kiribati
Tonga
Comores
Sao Tomé-et-Principe
Jordanie
Les Bermudes
Cap-Vert
Guyane
Martinique
 
Statistiques - réponses
Réponse % Correct
Etats-Unis
64%
Costa Rica
62%
Cuba
62%
Chili
61%
Panama
61%
Pérou
61%
Uruguay
61%
Colombie
60%
Equateur
60%
Venezuela
60%
Jamaïque
58%
Salvador
58%
République Dominicaine
56%
Bahamas
55%
Guyana
55%
Belize
53%
Suriname
53%
Barbade
51%
Dominique
50%
Antigua-et-Barbuda
49%
Sainte-Lucie
49%
Saint-Vincent et les Grenadines
49%
Grenade
48%
Trinité-et-Tobago
47%
Aucun quiz correspondant
Distribution des résultats
% des personnes avec chaque résultat
Percentile par nombre de réponses
Votre historique - résultats
Vous n’avez pas pris ce quiz depuis la dernière actualisation